Responses for Show #3496 - Monday, November 15, 1999

1999-B Celebrity Jeopardy! game 1.
From the Theater at Madison Square Garden, New York City.

Contestants

[<< previous game]

Carol Burnett, from the Broadway revue Putting It Together

Noah Wyle, from ER

Rosie O'Donnell, from The Rosie O'Donnell Show

[next game >>]

Jeopardy! Round responses

NEW YORK CITY SONGS
BRIDGE OF SIZE
SPORTSTALK
(Alex: We'll give you a term, you ID the sport.)
PLAYBILL
YOU DO THE MATH
3-LETTER WORDS
    $100 8
June

Noah
    $100 19
Tennis

Carol
    $100 11
Man of La Mancha

Rosie
    $100 20
Doe

Rosie
    $1,000 9
(Noah: Who is Barry Manilow?)
(Alex: Rosie?)
(Rosie: You mean I get a chance to "steal" the Daily Double?)

Neil Diamond

Noah
    $200 7
Football

Noah
    $200 10
Annie Get Your Gun

Rosie
    $200 18
(Alex: Less than a minute to go in the round...)

Ego

Rosie
    $300 14
(Noah: "Bridge Over Troubled Water?")

"Feeling Groovy"

Noah
Triple Stumper
    $300 4
(Rosie: I haven't been able to figure out what [*] is for 20 years!)

Golf

Rosie
    $300 6
Miss Saigon

Noah
    $300 17
Bio

Carol
    $400 13
42nd Street

Carol
    $400 22
(Rosie: What is Key Largo?)
...
[The end-of-round signal sounds.]
(Carol: I'm sorry, we really missed the math!)
(Alex: Don't worry, we're putting it in the Double Jeopardy round!)

Tampa Bay

Rosie
Triple Stumper
    $400 3
Baseball

Noah
    $400 5
Amadeus

Rosie
    $400 16
Boa

Carol
    $500 12
"Start spreading the news..."

Carol
    $500 21
(Carol: [accidentally rings in] No, I didn't mean that, & it buzzed in!)
(Alex: We have to take away $500 from Carol!)

Louisiana

Carol
Triple Stumper
    $500 2
College basketball

Noah
    $500 1
Equus

Noah
    $500 15
Nag

Noah

Scores at the first commercial break (after clue 11):

Rosie Noah Carol
$1,000 $1,000 $0

Scores at the end of the Jeopardy! Round:

Rosie Noah Carol
$900 $1,200 $1,200

Double Jeopardy! Round responses

OLD NEW YORK
THE TONY AWARDS
TOLSTOY'S WAR AND PEACE
(Alex: And we know you've all read it!)
WILD WOMEN IN HISTORY
(Rosie: That's me!)
CRYSTAL CLEAR
(Alex: And we want you to give the English meaning of some...)
FOREIGN WORDS & PHRASES
    $200 11
Peter Pan

Carol
    $400 15
Elevated train

Noah
    $600 8
(Carol: What is France...What is [*]?)
(Alex: You caught yourself before I had a chance to rule.)

Paris

Carol
    $400 21
[The end-of-round signal sounds.]

Rome

Carol
    $400 10
(Carol: What is the truth?)

Forbidden

RosieCarol
    $600 14
New York Herald

Carol
    $600 7
Snoopy

Carol
    $600 17
(Alex: Noah, how did you know that?)

Chicago

Noah
    $600 19
(Rosie: What is crystal digital...?)

Liquid crystal

Rosie
Triple Stumper
    $600 9
(Rosie: What is man-to-man?)

Hand-to-hand

RosieCarol
    $800 13
(Old) Waldorf-Astoria

Triple Stumper
    $800 5
Brian Dennehy

Carol
    $800 16
Bonnie Parker

Noah
    $800 18
(Rosie: What is Poland Spring?...I forgot the "crystal".)
(Alex: Minute to go...)

Crystal Geyser

RosieNoah
    $800 4
The good life

Rosie
    $1000 12
Lindy's

Carol
    $1000 1
(Noah: Who is Gwyneth Paltrow?)

Judi Dench

NoahCarol
    $1000 20
(Noah: What is Sputnik?)

Mir

NoahCarol
    $1000 2
Mata Hari

Noah
    $1000 6
Arthritis

Rosie
    $1000 3
Rest in peace

Carol

Scores at the end of the Double Jeopardy! Round:

Rosie Noah Carol
$1,100 $2,800 $8,600
(lock game)

[wagering suggestions for these scores]

Final Jeopardy! Round responses

FAMOUS NAMES
[NOTE: The "Think!" music was played on piano every game this week.]
RosieWho McCalla?
$1,100
NoahWho is Susan B. Anthony
$2,800
CarolWho was Amelia Earhart?
$1,000
Amelia Earhart

Final scores:

Rosie Noah Carol
$0 $0 $9,600
3rd place: $10,000 for CHARLEE (Children Have All Rights Legal, Emotional & Educational) Foundation of Miami 2nd place: $10,000 for Habitat for Humanity & Best Friends animal shelter reserve Winner: $15,000 for Broadway Cares/Equity Fights AIDS

Game dynamics:

Coryat scores:

Rosie Noah Carol
$1,100 $3,800 $8,400
9 R,
4 W
12 R,
4 W
(including 1 DD)
16 R
(including 1 DD),
2 W

Combined Coryat: $13,300

[game clues] [game scores] [suggest correction]

Game tape date: 1999-10-08
The J! Archive is created by fans, for fans. Scraping, republication, monetization, and malicious use prohibited; this site may use cookies and collect identifying information. See terms. The Jeopardy! game show and all elements thereof, including but not limited to copyright and trademark thereto, are the property of Jeopardy Productions, Inc. and are protected under law. This website is not affiliated with, sponsored by, or operated by Jeopardy Productions, Inc. Join the discussion at JBoard.tv.